Akreditiv při vývozu

Gespeichert in:
Bibliographische Detailangaben
Format: Buch
Sprache:Tschechisch
Veröffentlicht: Praha Živnostenská banka 1947
Tags: Tag hinzufügen
Keine Tags, Fügen Sie das erste Tag hinzu!

MARC

LEADER 00000nam a2200000 4500
001 0267858
005 20240822101710.8
041 0 |a cze 
044 |a CZ 
245 1 0 |a Akreditiv při vývozu  |c Jan Herel 
264 1 |a Praha  |b Živnostenská banka  |c 1947